[Event "AUTO-OPEN-1256"]
[Site "http://www.queenalice.com/game.php?id=504400"]
[Date "2008.12.7"]
[Round "2"]
[White "arrabi"]
[Black "SGT"]
[Result "1-0"]
[WhiteElo "2051"]
[BlackElo "1909"]

1. e4 c5 2. Bc4 e6 3. a4 Nc6 4. c3 Nf6 5. d3 Be7 6. h3 O-O 7. Nf3 d6 8. O-O Qc7
9. Na3 a6 10. Ba2 b6 11. Nc2 Bb7 12. b4 cxb4 13. cxb4 Rac8 14. Bb2 Ne5 15. Ncd4
Nxf3+ 16. Nxf3 Qc2 17. Rb1 Qxd1 18. Rfxd1 Rc2 19. Bb3 Rcc8 20. Ng5 Kh8 21. Nxf7+
Rxf7 22. Bxe6 Rff8 23. Bxc8 Rxc8 24. Rbc1 Rxc1 25. Rxc1 1-0

[Event "AUTO-OPEN-1256"]
[Site "http://www.queenalice.com/game.php?id=504401"]
[Date "2008.12.7"]
[Round "2"]
[White "SGT"]
[Black "arrabi"]
[Result "0-1"]
[WhiteElo "1837"]
[BlackElo "1976"]

1. d4 d5 2. c4 c6 3. cxd5 cxd5 4. Nf3 Nc6 5. Nc3 e6 6. Bg5 f6 7. Bh4 Bb4 8. e3
Nge7 9. Bd3 O-O 10. O-O Bxc3 11. bxc3 e5 12. Bc2 e4 13. Nd2 Nf5 14. Bg3 Nxg3 15.
hxg3 f5 16. Bb3 a6 17. c4 Be6 18. Rc1 Nb4 19. c5 Nd3 20. Rc3 Rc8 21. f3 b5 22.
Bc2 Nb4 23. Bb3 a5 24. f4 a4 25. a3 Nc6 26. Ba2 Bf7 27. Nb1 Qa5 28. Qc2 Rb8 29.
Qc1 b4 30. axb4 Nxb4 31. Qd2 Nxa2 32. Rc2 Qxd2 33. Rxd2 Nb4 34. Rb2 Nd3 35. Rxb8
Rxb8 36. Nc3 a3 37. Ra1 Rb3 38. Na2 Be8 39. Kf1 Bb5 40. Kg1 h6 41. Nc1 Nxc1 42.
Rxc1 a2 0-1

[Event "Challenge"]
[Site "http://www.queenalice.com/game.php?id=504952"]
[Date "2008.12.9"]
[Round "-"]
[White "Aguinaldo"]
[Black "SGT"]
[Result "1-0"]
[WhiteElo "1918"]
[BlackElo "1895"]

1. e4 c5 2. Nf3 Nc6 3. Bb5 d6 4. Bxc6+ bxc6 5. O-O e6 6. d4 cxd4 7. Qxd4 Qc7 8.
Nc3 e5 9. Qc4 a6 10. Be3 Nf6 11. b3 Be7 12. Na4 Rb8 13. Ng5 1-0

[Event "AUTO-MASTER-698"]
[Site "http://www.queenalice.com/game.php?id=513344"]
[Date "2008.12.27"]
[Round "1"]
[White "SGT"]
[Black "Alexandrovinsk"]
[Result "1/2-1/2"]
[WhiteElo "1820"]
[BlackElo "2038"]

1. e4 c5 2. Nf3 d6 3. d4 cxd4 4. Nxd4 Nf6 5. Nc3 Nc6 6. f3 g6 7. Be3 Bg7 8. Be2
O-O 9. O-O Nxd4 10. Bxd4 a6 11. Be3 Qc7 12. Rc1 b5 13. Nd5 Qd8 14. Nb6 Rb8 15.
Nxc8 Rxc8 16. Qd2 Nd7 17. b3 Nc5 18. c4 Qd7 19. b4 Ne6 20. c5 Rfd8 21. Rfd1 Qb7
22. Qd5 Qc6 23. Qxc6 Rxc6 24. Kf2 Kf8 25. cxd6 Rcxd6 26. Rxd6 Rxd6 27. Rc8+ Rd8
28. Rxd8+ Nxd8 29. Bc5 Nb7 30. Ke3 Nxc5 31. bxc5 Ke8 32. Kd3 Kd7 33. a4 Kc6 34.
axb5+ 1/2-1/2

[Event "AUTO-MASTER-698"]
[Site "http://www.queenalice.com/game.php?id=513345"]
[Date "2008.12.27"]
[Round "1"]
[White "Alexandrovinsk"]
[Black "SGT"]
[Result "1-0"]
[WhiteElo "2071"]
[BlackElo "1838"]

1. e4 e5 2. Nf3 Nc6 3. Bc4 h6 4. d4 exd4 5. Nxd4 Nf6 6. O-O Bc5 7. Nxc6 bxc6 8.
e5 Ng8 9. Qh5 Qe7 10. Bd2 Bb7 11. e6 dxe6 12. Bxe6 Nf6 13. Bxf7+ Qxf7 14. Qxc5
O-O-O 15. Be3 Nd5 16. Na3 Rhf8 17. Qxa7 Nxe3 18. Qxe3 Rde8 19. Qh3+ Kb8 20. Rad1
Re2 21. Qg3 g5 22. h3 Qxa2 23. Rd7 Rc8 24. Qc3 Qe6 25. Rh7 Re8 26. Qg3 Re1 27.
Qxc7+ 1-0

[Event "AUTO-MASTER-698"]
[Site "http://www.queenalice.com/game.php?id=513346"]
[Date "2008.12.27"]
[Round "1"]
[White "SGT"]
[Black "mowliid12"]
[Result "0-1"]
[WhiteElo "1777"]
[BlackElo "2013"]

1. e4 c6 2. d4 d5 3. e5 Bf5 4. Nf3 e6 5. c4 h6 6. Nc3 Bb4 7. Be2 Ne7 8. O-O Bxc3
9. bxc3 O-O 10. Ba3 Re8 11. Bd6 Be4 12. Nd2 Bh7 13. Nb3 Nf5 14. Ba3 dxc4 15.
Bxc4 b5 16. Bd3 a5 17. Nc5 Nd7 18. Ne4 Qb6 19. Nd6 Nxd6 20. Bxd6 b4 21. cxb4
axb4 22. Bxh7+ Kxh7 23. Qb1+ Kg8 24. Qxb4 Qd8 25. Rfc1 Nf8 26. Rxc6 Ng6 27. Qb7
Qg5 28. a4 Nf4 29. Rc7 Reb8 30. Qf3 Rxa4 31. h3 Rxa1+ 32. Kh2 Rbb1 33. g4 Rh1+
34. Qxh1 Rxh1+ 35. Kxh1 Qh4 36. Rc8+ Kh7 37. Rf8 Qxh3+ 0-1

[Event "AUTO-MASTER-698"]
[Site "http://www.queenalice.com/game.php?id=513347"]
[Date "2008.12.27"]
[Round "1"]
[White "mowliid12"]
[Black "SGT"]
[Result "1-0"]
[WhiteElo "2110"]
[BlackElo "1825"]

1. c4 e5 2. Nc3 Nc6 3. e3 Nf6 4. Nge2 d5 5. cxd5 Nxd5 6. Nxd5 Qxd5 7. Nc3 Qd8 8.
g3 Bc5 9. Bg2 Bd7 10. O-O O-O 11. Ne4 Bb6 12. b3 Be6 13. Bb2 f5 14. Nc3 Qd3 15.
Na4 e4 16. Nxb6 axb6 17. f3 Rad8 18. Bc3 b5 19. a3 Ne7 20. fxe4 fxe4 21. Qh5 Nd5
22. Qe5 Rxf1+ 23. Bxf1 Qc2 24. Qxg7# 1-0

[Event "AUTO-MASTER-698"]
[Site "http://www.queenalice.com/game.php?id=513348"]
[Date "2008.12.27"]
[Round "1"]
[White "SGT"]
[Black "MAGALINGsaROMANSAngChicks"]
[Result "0-1"]
[WhiteElo "1788"]
[BlackElo "2035"]

1. e4 e6 2. d4 d5 3. Nc3 Nf6 4. Bg5 dxe4 5. Nxe4 Be7 6. Nxf6+ Bxf6 7. Bxf6 Qxf6
8. Nf3 O-O 9. Bd3 b6 10. O-O Bb7 11. c3 Bxf3 12. Qxf3 Qxf3 13. gxf3 Nd7 14. Kh1
c5 15. Be4 Rac8 16. Rad1 Nf6 17. dxc5 Rxc5 18. Rd2 g6 19. Rfd1 Re5 20. Rd8 Nxe4
21. fxe4 Rxe4 22. Rxf8+ Kxf8 23. Rd7 Re2 24. Rxa7 Rxb2 25. Kg2 Rc2 26. Ra6 Rxc3
27. Rxb6 Ra3 28. Rb2 h5 29. f3 Kg7 30. h4 f5 31. Kg3 e5 32. Re2 e4 33. Rf2 Kf6
34. Kg2 exf3+ 35. Kg3 Ke5 36. Rxf3 Rxa2 37. Re3+ Kf6 38. Rb3 Re2 39. Rd3 Re4 40.
Rb3 f4+ 41. Kf3 Kf5 42. Rb5+ Re5 43. Rb4 Re3+ 44. Kg2 Kg4 45. Rb6 Rg3+ 0-1

[Event "AUTO-MASTER-698"]
[Site "http://www.queenalice.com/game.php?id=513349"]
[Date "2008.12.27"]
[Round "1"]
[White "MAGALINGsaROMANSAngChicks"]
[Black "SGT"]
[Result "1-0"]
[WhiteElo "2021"]
[BlackElo "1802"]

1. e4 e6 2. d4 d5 3. Nc3 Nf6 4. Bd3 c5 5. exd5 Nxd5 6. Nf3 Nc6 7. Nxd5 Qxd5 8.
Be3 cxd4 9. Bxd4 Nxd4 10. Nxd4 Bd7 11. Nf3 Be7 12. O-O O-O 13. Re1 Bf6 14. c3
Rfd8 15. Qc2 g6 16. a3 Bc6 17. Rad1 Qc5 18. Be4 a6 19. Bxc6 Qxc6 20. h3 b5 21.
Qe2 a5 22. Ne5 Bxe5 23. Qxe5 h6 24. Qf6 Qc7 25. Qh4 Kg7 26. Qe4 Rxd1 27. Rxd1
Rd8 28. Rxd8 Qxd8 29. Qe5+ Kh7 30. Qxb5 Qd1+ 31. Kh2 Qd2 32. Qb6 Qf4+ 33. g3 Qa4
34. Qb7 Kg7 35. Qb6 h5 36. Qd4+ Qxd4 37. cxd4 Kf6 38. Kg2 Ke7 39. f4 Kd6 40. Kf3
Kd5 41. Ke3 Kc4 42. b4 axb4 43. axb4 Kxb4 44. Ke4 f6 45. d5 1-0

[Event "AUTO-ADV-1159"]
[Site "http://www.queenalice.com/game.php?id=513381"]
[Date "2008.12.27"]
[Round "1"]
[White "romerov"]
[Black "SGT"]
[Result "1-0"]
[WhiteElo "2166"]
[BlackElo "1770"]

1. d4 Nf6 2. c4 g6 3. Nc3 Bg7 4. e4 d6 5. f3 O-O 6. Be3 Nbd7 7. Qd2 e5 8. d5 Nb6
9. Bd3 c6 10. Nge2 cxd5 11. Nxd5 Nbxd5 12. cxd5 a6 13. O-O Bd7 14. Rac1 Rc8 15.
Rxc8 Qxc8 16. Rc1 Qb8 17. Qb4 b5 18. Qa5 Bc8 19. b3 Nd7 20. Qc7 h6 21. Qxb8 Nxb8
22. Ba7 Nd7 23. Rc6 Nc5 24. Bxc5 dxc5 25. Rxc5 Rd8 26. Rc6 Bf8 27. a4 bxa4 28.
bxa4 Bb4 29. Bxa6 Bxa6 30. Rxa6 Bc5+ 31. Kf1 Rb8 32. Nc3 Bd4 33. Nb5 Bb6 34. a5
Bd8 35. Nd6 1-0

[Event "AUTO-ADV-1159"]
[Site "http://www.queenalice.com/game.php?id=513382"]
[Date "2008.12.27"]
[Round "1"]
[White "SGT"]
[Black "romerov"]
[Result "0-1"]
[WhiteElo "1822"]
[BlackElo "1943"]

1. e4 e6 2. d4 d5 3. Nc3 dxe4 4. Nxe4 Nf6 5. Bg5 Be7 6. Nxf6+ gxf6 7. Bh4 a6 8.
Nf3 b6 9. Bc4 Bb7 10. O-O Qd7 11. c3 Nc6 12. Re1 O-O-O 13. Nd2 Rhg8 14. Qe2 Na5
15. Bxa6 Rxg2+ 16. Kf1 Rxh2 17. Bxb7+ Kxb7 18. Bg3 Rh1+ 19. Kg2 Qd5+ 20. Qf3
Qxf3+ 21. Nxf3 Rxe1 22. Rxe1 Nc4 23. Re2 h5 24. a3 Rg8 25. Kh2 Kc6 26. Nh4 Bd6
27. Bxd6 Kxd6 28. Nf3 Kd5 29. Nd2 Nxb2 30. Kh3 Nd3 31. a4 Nf4+ 0-1

[Event "AUTO-ADV-1159"]
[Site "http://www.queenalice.com/game.php?id=513397"]
[Date "2008.12.27"]
[Round "1"]
[White "thw"]
[Black "SGT"]
[Result "1-0"]
[WhiteElo "1873"]
[BlackElo "1855"]

1. e4 e6 2. d4 d5 3. Nc3 Nf6 4. Bg5 Be7 5. e5 Nfd7 6. Bxe7 Qxe7 7. f4 O-O 8. Nf3
c5 9. Bd3 Nc6 10. Bxh7+ Kh8 11. Bd3 g6 12. dxc5 Nxc5 13. O-O Kg7 14. Ng5 Rh8 15.
Nb5 1-0

[Event "AUTO-ADV-1159"]
[Site "http://www.queenalice.com/game.php?id=513398"]
[Date "2008.12.27"]
[Round "1"]
[White "SGT"]
[Black "thw"]
[Result "0-1"]
[WhiteElo "1872"]
[BlackElo "1856"]

1. e4 e6 2. d4 d5 3. e5 c5 4. c3 Nc6 5. Nf3 Qb6 6. Be2 cxd4 7. cxd4 Bb4+ 8. Nc3
Nge7 9. O-O O-O 10. a3 Bxc3 11. bxc3 Bd7 12. Bd3 h6 13. g4 Rac8 14. Bd2 f6 0-1

[Event "AUTO-MASTER-702"]
[Site "http://www.queenalice.com/game.php?id=515375"]
[Date "2008.12.31"]
[Round "1"]
[White "MAGALINGsaROMANSAngChicks"]
[Black "SGT"]
[Result "1-0"]
[WhiteElo "2028"]
[BlackElo "1795"]

1. e4 e5 2. Nf3 Nc6 3. Bc4 h6 4. d4 exd4 5. Nxd4 Bc5 6. Nxc6 bxc6 7. Qh5 Qe7 8.
O-O Nf6 9. Qf3 O-O 10. Re1 d6 11. Qg3 Kh8 12. Nc3 Bg4 13. h3 Bh5 14. e5 dxe5 15.
Qxe5 Rfe8 16. Qxe7 Rxe7 17. Bf4 Rxe1+ 18. Rxe1 Bd6 19. Be3 Bg6 20. Bb3 a5 21.
Bd4 Bb4 22. a3 Bd6 23. Bxf6 gxf6 24. g3 Kg8 25. Kf1 Kf8 26. f4 Re8 27. Ne2 Bf5
28. g4 Be6 29. f5 Bxb3 30. cxb3 Re3 31. Ng1 Rxb3 32. Re2 Be5 33. Rc2 Rxb2 34.
Rxc6 Ra2 35. Nf3 Bd6 36. h4 Rxa3 37. Kf2 a4 38. Nd4 Rh3 39. Nf3 Rg3 40. g5 fxg5
41. hxg5 hxg5 42. Ra6 1-0

[Event "AUTO-MASTER-702"]
[Site "http://www.queenalice.com/game.php?id=515376"]
[Date "2008.12.31"]
[Round "1"]
[White "SGT"]
[Black "MAGALINGsaROMANSAngChicks"]
[Result "0-1"]
[WhiteElo "1832"]
[BlackElo "2068"]

1. d4 d5 2. c4 Nf6 3. cxd5 Qxd5 4. Nc3 Qd8 5. Nf3 Bf5 6. Bg5 e6 7. e4 h6 8. Bxh6
Nxe4 9. Be3 Bb4 10. Qb3 Nc6 11. Bb5 Bxc3+ 12. bxc3 Qd6 13. Ne5 f6 14. Nxc6 bxc6
15. Ba4 Ke7 16. Qc4 Rxh2 17. Rxh2 Qxh2 18. Ke2 Qh5+ 19. f3 Rb8 20. Bb3 Ng3+ 21.
Kd2 Qe8 22. Bf4 Nh5 23. Bxc7 Rb7 24. Qc5+ Kf7 25. Ba5 Nf4 26. g4 Bg6 27. Ba4
Rb2+ 28. Kc1 Nd3+ 0-1

[Event "AUTO-MASTER-702"]
[Site "http://www.queenalice.com/game.php?id=515389"]
[Date "2008.12.31"]
[Round "1"]
[White "puddschini"]
[Black "SGT"]
[Result "1-0"]
[WhiteElo "2405"]
[BlackElo "1804"]

1. Nf3 Nf6 2. d4 g6 3. c4 Bg7 4. Nc3 O-O 5. e4 d6 6. Be2 e5 7. O-O exd4 8. Nxd4
Re8 9. f3 Nbd7 10. Be3 Nb6 11. Qd2 Nfd7 12. Nd5 Nc5 13. Bg5 f6 14. Be3 c6 15.
Nc3 Ne6 16. Nc2 Qc7 17. Rad1 Rd8 18. Bf2 Bd7 19. Qxd6 Qxd6 20. Rxd6 Bf8 21. Rd2
Be8 22. Rfd1 Rxd2 23. Rxd2 Be7 24. g3 Rd8 25. Rxd8 Nxd8 26. a4 Ne6 27. a5 Nc8
28. Nd4 Nxd4 29. Bxd4 a6 30. Na4 Bb4 31. Bxf6 Bxa5 32. Nc5 Bb6 33. Bd4 Nd6 34.
Kf2 Bf7 35. b3 Nc8 36. f4 Nd6 37. Ke3 Be8 38. Kd3 Bxc5 39. Bxc5 Nc8 40. Bg4 1-0

[Event "AUTO-MASTER-702"]
[Site "http://www.queenalice.com/game.php?id=515390"]
[Date "2008.12.31"]
[Round "1"]
[White "SGT"]
[Black "puddschini"]
[Result "0-1"]
[WhiteElo "1834"]
[BlackElo "2336"]

1. d4 c5 2. dxc5 Qa5+ 3. Nc3 Qxc5 4. Nf3 Nf6 5. e4 Nc6 6. Bd3 e6 7. O-O Be7 8.
Be3 Qa5 9. a3 O-O 10. Bd2 Qc7 11. Re1 d6 12. Bg5 a6 13. h3 Bd7 14. Qe2 Ne5 15.
Nxe5 dxe5 16. f3 Bc5+ 17. Kh1 Nh5 18. Bh4 Nf4 19. Qf1 Qb6 20. Na4 Bxa4 21. b4
Bd4 22. Rab1 Rac8 23. c4 Qc7 24. c5 Bc3 25. Re3 Bd2 0-1

[Event "AUTO-MASTER-702"]
[Site "http://www.queenalice.com/game.php?id=515397"]
[Date "2008.12.31"]
[Round "1"]
[White "soares54"]
[Black "SGT"]
[Result "1-0"]
[WhiteElo "2042"]
[BlackElo "1829"]

1. c4 e5 2. Nc3 Nc6 3. d3 b6 4. Nf3 Nf6 5. e3 Bb4 6. Qc2 Bb7 7. a3 Be7 8. g3 O-O
9. Bg2 d5 10. cxd5 Nxd5 11. Nxd5 Bd6 12. Nc3 Ne7 13. O-O c5 14. e4 Qc7 15. Nb5
Qd8 16. Nxd6 Qxd6 17. Nh4 g6 18. f4 f5 19. fxe5 Qxe5 20. Nf3 Qd6 21. Qc4+ Kg7
22. Bf4 Qd8 23. Be5+ Kh6 24. Qc1+ 1-0

[Event "AUTO-MASTER-702"]
[Site "http://www.queenalice.com/game.php?id=515398"]
[Date "2008.12.31"]
[Round "1"]
[White "SGT"]
[Black "soares54"]
[Result "0-1"]
[WhiteElo "1782"]
[BlackElo "2049"]

1. d4 Nf6 2. c4 g6 3. Nc3 Bg7 4. e4 d6 5. Nf3 Nc6 6. h3 a6 7. a3 O-O 8. Bd3 Nh5
9. O-O Nxd4 10. Be3 Nxf3+ 11. Qxf3 Bxc3 12. bxc3 e5 13. g4 Ng7 14. Rfd1 Qh4 15.
Qg3 Qe7 16. Bc2 Be6 17. Bb3 b5 18. f4 exf4 19. Bxf4 bxc4 20. Ba4 g5 21. Be3 f6
22. Rab1 Rab8 23. Bd4 Bd7 24. Bxd7 Rxb1 25. Rxb1 Qxd7 26. Rf1 Qe7 27. Qf3 Ne8
28. Qf5 c5 0-1